| 000 | 00796nam a2200217Ia 4500 | ||
|---|---|---|---|
| 008 | 0000001996 ag a 0000000000spa00 | ||
| 090 | _aPSP00 C17c | ||
| 100 | 1 |
_aCarbonell, Santiago _d1960 |
|
| 245 | 1 | 0 |
_aCarbonell en Buenos Aires _c/ curador Roberto Gónzalez |
| 300 |
_a[14] p. _c/ 26 cm. |
||
| 500 | _aCon el patronazgo del maestro venezolano Jesús Rafael Soto (q.e.p.d.) \Registro auspiciado por el IDCT. Bogotá | ||
| 600 | 0 | 0 |
_aCARBONELL, SANTIAGO, 1960/ _xTRABAJOS PICTORICOS |
| 650 | 1 | 4 | _aARTE CONTEMPORANEO ESPAÑOL |
| 650 | 1 | 4 | _xCATALOGOS |
| 650 | 1 | 4 | _aDESNUDO EN EL ARTE |
| 650 | 1 | 4 | _xEXPOSICIONES |
| 650 | 1 | 4 | _aPINTORES ESPAÑOLES |
| 650 | 1 | 4 | _aPINTURA ESPAÑOLA |
| 700 | 1 | _aGonzález, Roberto | |
| 999 |
_c4287 _d4287 |
||
| 260 |
_aBuenos Aires : Praxis International Art _c1996 |
||